000 00219nam a22001097a 4500
082 _a297.273YUS
100 _aYusuf
245 _aeconomics Justice in islam
260 _aLahore
_c1977
300 _a116
942 _cBK
999 _c14100
_d14100